000 00479nam a2200169 4500
003 OSt
005 20221111193202.0
008 221111b |||||||| |||| 00| 0 eng d
040 _cBiblioteca Lado V
082 _a750
_bB434s
100 _9412
_aBeke, Laszlo
_ecurador
245 _aSCCA/
260 _bSoros Center for Contemporary Arts
_c1995
_aHungria
300 _a164p.
_c22x29cm
700 _aTomren, Anders
_ecurador
942 _2ddc
_c1
_h750
_iB424s
_n0
999 _c2621
_d2621